000 00370nam a22001577a 4500
005 20251106124949.0
008 200527b xxu||||| |||| 00| 0 eng d
041 _aeng
082 _a340
100 _aBARE ACT
245 _aTHE CENTRAL MOTER VEHICLES RULES ,1989
260 _aDELHI
_bPROFESSIONALS BOOKS PUBLISHERS
300 _a519;p
650 _aLAW
942 _cBK
999 _c6540
_d6538